Roof on the market (Record no. 73305)

MARC details
000 -LEADER
fixed length control field 01159cam a2200217 4500
001 - CONTROL NUMBER
control field ABS66989
008 - FIXED-LENGTH DATA ELEMENTS--GENERAL INFORMATION
fixed length control field 030901n2003 000 0 eng u
035 ## - SYSTEM CONTROL NUMBER
System control number (Sirsi) u123412
100 ## - MAIN ENTRY--PERSONAL NAME
Personal name Blackman, D.
245 ## - TITLE STATEMENT
Title Roof on the market
260 ## - PUBLICATION, DISTRIBUTION, ETC.
Date of publication, distribution, etc. 2003
490 ## - SERIES STATEMENT
Series statement Inside Housing
Volume/sequential designation 20(23) 13 June 2003, 50-51(2)
520 ## - SUMMARY, ETC.
Summary, etc. Looks at the signs of private investment interest in areas of low demand, which are the target of the government market renewal programme (Pathfinders). Market renewal fund money can be used to take the edge off the risk that worries the private sector. Under-priced markets exist that can represent a significant investment opportunity. Lack of market information and a suitable market mechanism have inhibited investment in this area. Lenders are becoming re-engaged with the low-demand areas. However, prospective investors may demand a bigger say in the provision of local services before risking their money in these areas.
590 ## - LOCAL NOTE (RLIN)
Local note ABS
650 ## - SUBJECT ADDED ENTRY--TOPICAL TERM
Topical term or geographic name entry element LOW DEMAND
650 ## - SUBJECT ADDED ENTRY--TOPICAL TERM
Topical term or geographic name entry element MARKET RENEWAL PATHFINDER AREAS
650 ## - SUBJECT ADDED ENTRY--TOPICAL TERM
Topical term or geographic name entry element PRIVATE INVESTMENT
650 ## - SUBJECT ADDED ENTRY--TOPICAL TERM
Topical term or geographic name entry element CLEARANCE
690 ## - LOCAL SUBJECT ADDED ENTRY--TOPICAL TERM (OCLC, RLIN)
Topical term or geographic name as entry element HOUSING-FINANCE
942 ## - ADDED ENTRY ELEMENTS (KOHA)
Suppress in OPAC 0
Holdings
Withdrawn status Lost status Source of classification or shelving scheme Damaged status Not for loan Home library Current library Shelving location Date acquired Total Checkouts Full call number Barcode Date last seen Copy number Price effective from Koha item type
    Dewey Decimal Classification     London London Journal article 01/09/2003   ABS66989 123412-1001 06/08/2019 1 06/08/2019 Journal article